000
00330nam a22001337a 4500
008
251216b |||||||| |||| 00| 0 eng d
020
_a
9781119002253
082
_a
58.40 COL
100
_a
Knaflic, Cole Nussbaumer
245
_a
Storytelling with Data
260
_a
New Jersey
_b
Wiley
_c
2015
300
_a
xiii, 267p.
942
_c
C
999
_c
64819
_d
64819